Merceología. primer curso /

Guardado en:
Autor Principal: Giménez, Pedro R.
Formato: Libro
Publicado: Argentina : Ciordia & Rodr¡guez, 0
Edición:6
Materias:
Etiquetas: Agregar Etiqueta
Sin Etiquetas, Sea el primero en etiquetar este registro!
LEADER 00476nam a22001695a 4500
001 CEM.cems002910
005 19000101000000.0
008 130507b######################000#0#####d
003 CEMS
082 0 4 |a 660.1 
100 1 |a Giménez, Pedro R. 
245 1 0 |a Merceología. primer curso /  |c Pedro R. Giménez 
250 |a 6 
260 |a Argentina :  |b Ciordia & Rodr¡guez, 0 
300 |a 192 p. 
653 |a Merceologia 
859 |a CEMS  |b BIB. CEMS - 11 de abril  |h 660.1  |i G429a6/I  |p 1517.74  |t Ej.1